000 00328nam a22001577a 4500
003 SGT
020 _a9788121901451
082 _bPAN
100 _aPANDEY, B.P
245 _aPLANT ANATOMY
250 _a3RD
260 _aDELHI
_bS.Chand (G/L) & Company
_c1996
300 _a644
650 _aAGRICULTURE
942 _2ddc
_cBK
_01
999 _c13797
_d13797